Implementation of Quality Management into Construction Sector

Na minha lista:
Detalhes bibliográficos
Autor principal: ALFARSI, Ahmad E.M.S., 1980- (Author)
Outros Autores: Gašparík, Jozef, 1957- (Thesis advisor)
Formato: Manuscrito Livro
Idioma:inglês
Publicado em: Bratislava : STU v Bratislave SvF, 2013
Assuntos:
Acesso em linha:VAIS
Tags: Adicionar Tag
Sem tags, seja o primeiro a adicionar uma tag!

MARC

LEADER 00000ntm a22000003a 4500
001 stu271873
005 20150617230235.9
008 130720s2013----xo------------------eng-d
040 |a STU  |b slo 
041 0 |a eng 
044 |a xo 
100 1 |a ALFARSI, Ahmad E.M.S.,  |d 1980-  |4 aut  |u V  |T SvF Stavebná fakulta  |X 45156  |U V  |Y 10  |7 A000045156 
242 0 0 |a Implementácia manažérstva kvality v stavebníctve   |y slo 
245 1 |a Implementation of Quality Management into Construction Sector 
260 |a Bratislava :  |b STU v Bratislave SvF,  |c 2013 
650 7 |a Management  |2 estusub 
650 7 |a stavebné inžinierstvo  |2 stusub 
650 7 |a Civil Engineering  |2 estusub 
700 1 |a Gašparík, Jozef,  |d 1957-  |4 ths  |u V270  |U SvF Stavebná fakulta  |T SvF Katedra technológie stavieb  |X 2737  |U V270  |Y 28  |7 A000002737 
856 4 |a info a plný text  |u http://is.stuba.sk/zp/portal_zp.pl?podrobnosti=86416  |3 VAIS